Statistics for Guess the Country by National Motto #1

Click here to take the quiz!

General Stats

  • This quiz has been taken 11 times
  • The average score is 2 of 12

Answer Stats

MottoCountry% Correct
There is no god but God; Muhammad is the messenger of GodAfghanistan
64%
Truth prevailsCzech Republic
36%
Freedom or DeathGreece
36%
Freedom, Unity, Progress!Kazakhstan
27%
Justice, piety, loyaltySuriname
18%
Together we aspire,Trinidad and Tobago
18%
RainBotswana
9%
Health, Peace and ProsperityKiribati
9%
Accomplishment/Achievement through Joint EffortMarshall Islands
9%
Unity, liberty, justiceNamibia
9%
One for all, all for oneSwitzerland
9%
Unity, Work, ProgressChad
0%

Score Distribution

Percentile by Number Answered

Percent of People with Each Score

Your Score History

You have not taken this quiz